000 00609nam a22001817a 4500
003 SISC
005 20241113170356.0
008 160711b xxu||||| |||| 00| 0 eng d
020 _a9786210200812
050 _aBF 637
_b.So714 2016
082 _aTR 158.1
_bSo714 2016
100 _aSoriano, Edwin S.
245 _aBe happy hungry! :
_b12 keys to being happy for who you are hungry for who you could be /
_cEdwin S. Soriano.
260 _aMandaluyong :
_bWholeness in You Center,
_c2016.
300 _a146 pages :
_billustrations ;
_c22 cm.
500 _aIncludes bibliographical resources.
942 _2lcc
_cBK
999 _c296231
_d296231